Sports Quiz

Random Sports Quiz
Score 0/22 Timer 03:00
0 Plays Today
Finals Answer % Correct
61USA
100%
9Spain
98.5%
17France
97%
5Argentina
97%
47Australia
95.5%
12Sweden
93.9%
2Croatia
93.9%
5Germany
92.4%
18Great Britain
89.4%
5Russia
89.4%
7Italy
89.4%
Finals Answer % Correct
2Serbia
84.8%
2Belgium
84.8%
5Czech Republic
81.8%
2Switzerland
81.8%
1Japan
72.7%
1South Africa
71.2%
3India
66.7%
1Slovakia
62.1%
1Chile
60.6%
3Romania
57.6%
1Mexico
51.5%
Remove Ads.
Support Sporcle.
Get the best of Sporcle when you Go Orange. This ad-free experience offers more features, more stats, and more fun while also helping to support Sporcle. Thank you for becoming a member.

You're not logged in!

Compare scores with friends on all Sporcle quizzes.
OR
Log In

Show Comments

Extras

Created Sep 12, 2017ReportNominate
Tags:cup, Davis, final, finalist, Win

Top Quizzes Today


Score Distribution

Your Account Isn't Verified!

In order to create a playlist on Sporcle, you need to verify the email address you used during registration. Go to your Sporcle Settings to finish the process.

Report this User

Report this user for behavior that violates our Community Guidelines.

Details: